Be your own financial adviser : (Record no. 18699)
[ view plain ]
| 000 -LEADER | |
|---|---|
| fixed length control field | 01108cam a22002534a 4500 |
| 001 - CONTROL NUMBER | |
| control field | 16062874 |
| 005 - DATE AND TIME OF LATEST TRANSACTION | |
| control field | 20141202111815.0 |
| 008 - FIXED-LENGTH DATA ELEMENTS--GENERAL INFORMATION | |
| fixed length control field | 100121s2010 xxkadk fr 001 0 eng d |
| 010 ## - LIBRARY OF CONGRESS CONTROL NUMBER | |
| LC control number | 2010002465 |
| 020 ## - INTERNATIONAL STANDARD BOOK NUMBER | |
| International Standard Book Number | 9780273727798 (pbk.) |
| 040 ## - CATALOGING SOURCE | |
| Original cataloging agency | DLC |
| Transcribing agency | DLC |
| Modifying agency | DLC |
| -- | EG-ScBUE |
| 082 00 - DEWEY DECIMAL CLASSIFICATION NUMBER | |
| Classification number | 332.024 |
| Edition number | 22 |
| Item number | LOW |
| 100 1# - MAIN ENTRY--PERSONAL NAME | |
| Personal name | Lowe, Jonquil |
| 9 (RLIN) | 36743 |
| 245 10 - TITLE STATEMENT | |
| Title | Be your own financial adviser : |
| Remainder of title | the comprehensive guide to wealth and financial planning / |
| Statement of responsibility, etc | Jonquil Lowe. |
| 260 ## - PUBLICATION, DISTRIBUTION, ETC. (IMPRINT) | |
| Place of publication, distribution, etc | Harlow, United Kingdom : |
| Name of publisher, distributor, etc | Financial Times / Prentice Hall, |
| Date of publication, distribution, etc | 2010 |
| Place of manufacture | (Gosport, United Kingdom : |
| Manufacturer | Ashford Colour Press) |
| 300 ## - PHYSICAL DESCRIPTION | |
| Extent | xii, 420 p. : |
| Other physical details | charts, forms, tables ; |
| Dimensions | 24 cm. |
| 500 ## - GENERAL NOTE | |
| General note | Index : p. 409-420. |
| 500 ## - GENERAL NOTE | |
| General note | Includes appendixes. |
| 505 0# - FORMATTED CONTENTS NOTE | |
| Formatted contents note | Financial planning-Do you need an adviser ?-Protecting your income-Providing for your family-Health and care-Somewhere to live-Building a pension-Retirement choices-Saving and investing-Managing your wealth-Passing it on. |
| 650 #0 - SUBJECT ADDED ENTRY--TOPICAL TERM | |
| Topical term or geographic name as entry element | Finance, Personal |
| 9 (RLIN) | 22964 |
| 653 ## - INDEX TERM--UNCONTROLLED | |
| Resource For college | BAEPS, Business Administration |
| Arrived date list | December2014 |
| 655 ## - INDEX TERM--GENRE/FORM | |
| Form subdivision | |
| -- | 34232 |
| 942 ## - ADDED ENTRY ELEMENTS (KOHA) | |
| Source of classification or shelving scheme | Dewey Decimal Classification |
| Call number prefix | 332.024 LOW |
| Withdrawn status | Item status | Source of classification or shelving scheme | Damaged status | Not for loan | Vendor | Home library | Current library | Shelving location | Date acquired | Source of acquisition | Cost, normal purchase price | Serial Enumeration / chronology | Total Checkouts | Full call number | Barcode | Date last seen | Cost, replacement price | Koha item type |
|---|---|---|---|---|---|---|---|---|---|---|---|---|---|---|---|---|---|---|
| Dewey Decimal Classification | Baccah | Central Library | Central Library | First floor | 02/12/2014 | 214.00 | 20677 | 332.024 LOW | 000037080 | 15/07/2025 | 267.50 | Book - Borrowing |